000
00337nam a2200133Ia 4500
008
240624s9999 xx 000 0 und d
041
_a
eng
082
_a
425 DIX
100
_a
DIXSON
245
_a
COMPLETE COURSE IN ENGLISH
260
_c
2008
_a
New Delhi
_b
Prentice-Hall of India
300
_a
vi, , 169 , 24 : p. : cm.
365
_c
RS
_b
36
999
_c
9966
_d
9966